000 00291nam a2200121Ia 4500
005 20251222141806.0
008 251222s9999||||xx |||||||||||||| ||spa||
020 _a958-625-527-1
082 _a260/P77
245 0 _aAgenda social:
264 _bConsejo Episcopal Latinoamericano
942 _cLIB
999 _c6325
_d6325